书目信息 |
| 题名: |
日语翻译与语言文化
|
|
| 作者: | 宋丽丽 , 张丽晶 , 曹建平 著 | |
| 分册: | ||
| 出版信息: | 北京 中国农业出版社 2022.01 |
|
| 页数: | 175页 | |
| 开本: | 24cm | |
| 丛书名: | ||
| 单 册: | ||
| 中图分类: | H365.9 | |
| 科图分类: | ||
| 主题词: | 日语--ri yu--翻译--研究 | |
| 电子资源: | ||
| ISBN: | 978-7-109-29084-6 | |
| 000 | 01077nam0 2200253 450 | |
| 001 | 28192 | |
| 005 | 20221008160636.21 | |
| 010 | @a978-7-109-29084-6@dCNY68.00 | |
| 100 | @a20220328d2022 em y0chiy50 ea | |
| 101 | 0 | @achi@ajpn |
| 102 | @aCN@b110000 | |
| 105 | @ay a 000yy | |
| 200 | 1 | @a日语翻译与语言文化@Ari yu fan yi yu yu yan wen hua@f宋丽丽, 张丽晶, 曹建平著 |
| 210 | @a北京@c中国农业出版社@d2022.01 | |
| 215 | @a175页@d24cm | |
| 320 | @a有书目 (第174-175页) | |
| 330 | @a本书分为八章, 第一章对日语语言文化的特点进行了一个概述 ; 第二章辨析非语言交际视角下的中日文化差异 ; 第三章对中日敬语进行对比研究 ; 第四章谈日语语言文化教学的问题 ; 第五章介绍日语特殊句式与词汇的翻译方法 ; 第六章介绍日语翻译中的一些实用的加译技巧 ; 第七章讲日语口译中有哪些主要影响因素 ; 第八章讲中日新闻编译中的各种问题及其解决方法。 | |
| 606 | 0 | @a日语@Ari yu@x翻译@x研究 |
| 690 | @aH365.9@v5 | |
| 701 | 0 | @a宋丽丽@Asong li li@4著 |
| 701 | 0 | @a张丽晶@Azhang li jing@4著 |
| 701 | 0 | @a曹建平@Acao jian ping@4著 |
| 801 | 0 | @aCN@c20220910 |
| 905 | @a河南城建学院图书馆@dH365.9@eS770@f2 | |
| 日语翻译与语言文化/宋丽丽, 张丽晶, 曹建平著.-北京:中国农业出版社,2022.01 |
| 175页;24cm |
| ISBN 978-7-109-29084-6:CNY68.00 |
| 本书分为八章, 第一章对日语语言文化的特点进行了一个概述 ; 第二章辨析非语言交际视角下的中日文化差异 ; 第三章对中日敬语进行对比研究 ; 第四章谈日语语言文化教学的问题 ; 第五章介绍日语特殊句式与词汇的翻译方法 ; 第六章介绍日语翻译中的一些实用的加译技巧 ; 第七章讲日语口译中有哪些主要影响因素 ; 第八章讲中日新闻编译中的各种问题及其解决方法。 |
| ● |
| 相关链接 |
|
|
|
正题名:日语翻译与语言文化
索取号:H365.9/S770
 
预约/预借
| 序号 | 登录号 | 条形码 | 馆藏地/架位号 | 状态 | 备注 |
| 1 | 1580971 | 215809711 | 语言库209/209语言库 130排1列3层/ [索取号:H365.9/S770] | 在馆 | |
| 2 | 1580972 | 215809720 | 语言库209/209语言库 130排1列3层/ [索取号:H365.9/S770] | 在馆 |